[Event "ECCC 2013"]
[Site "Rhodes"]
[Date "2013.10.23"]
[Round "4"]
[White "Schaefer, Markus"]
[Black "Tripoteau, Nicolas"]
[Result "0-1"]
[WhiteElo "2404"]
[BlackElo "2363"]
[PlyCount "78"]
[EventDate "2013.10.20"]
[EventType "team"]
[EventRounds "7"]
[EventCountry "GRE"]
[WhiteTeam "Schachgesellschaft Solingen"]
[BlackTeam "Sautron"]

1. e4 c5 2. Nf3 e6 3. d4 cxd4 4. Nxd4 a6 5. Bd3 Bc5 6. Nb3 Be7 7. c4 d6 8. Nc3
Nf6 9. O-O b6 10. f4 Nbd7 11. Qe2 Bb7 12. Bd2 O-O 13. Nd4 Re8 14. Nf3 Qc7 15.
Rae1 Nf8 16. e5 N6d7 17. exd6 Bxd6 18. Ne4 Be7 19. Bc3 f5 20. Ng3 Bd6 21. Ne5
Ng6 22. b4 Ndxe5 23. fxe5 Be7 24. Rf2 a5 25. a3 axb4 26. axb4 Red8 27. Qc2 Bh4
28. Ref1 Bg5 29. Re1 Ba6 30. Bb2 Rac8 31. Nxf5 exf5 32. Bxf5 Qxc4 33. Bxg6 hxg6
34. Qxg6 Be3 35. e6 Bxf2+ 36. Kxf2 Rf8+ 37. Kg3 Qb3+ 38. Kh4 Qxb2 39. e7 Qf2+
0-1

[Event "ECCC 2013"]
[Site "Rhodes"]
[Date "2013.10.23"]
[Round "4"]
[White "Delorme, Alban"]
[Black "Michalczak, Thomas"]
[Result "0-1"]
[WhiteElo "2283"]
[BlackElo "2305"]
[PlyCount "42"]
[EventDate "2013.10.20"]
[EventType "team"]
[EventRounds "7"]
[EventCountry "GRE"]
[WhiteTeam "Sautron"]
[BlackTeam "Schachgesellschaft Solingen"]

1. d4 d5 2. Nc3 Nf6 3. Bg5 Nbd7 4. Qd3 c5 5. Bxf6 Nxf6 6. dxc5 e6 7. O-O-O Bxc5
8. e4 O-O 9. f3 Qc7 10. exd5 Rd8 11. Nh3 Nxd5 12. Be2 Be7 13. Nxd5 Rxd5 14. Qc4
Rc5 15. Qa4 b5 16. Bxb5 Rb8 17. Bd3 Qe5 18. c3 Rxc3+ 19. Bc2 Rc5 20. Rd8+ Bf8
21. Qa3 Rxc2+ 0-1

[Event "ECCC 2013"]
[Site "Rhodes"]
[Date "2013.10.23"]
[Round "4"]
[White "Kniest, Oliver"]
[Black "Aubry, Yannis"]
[Result "1/2-1/2"]
[WhiteElo "2305"]
[BlackElo "2184"]
[PlyCount "90"]
[EventDate "2013.10.20"]
[EventType "team"]
[EventRounds "7"]
[EventCountry "GRE"]
[WhiteTeam "Schachgesellschaft Solingen"]
[BlackTeam "Sautron"]

1. d4 Nf6 2. c4 e6 3. Nc3 c5 4. d5 exd5 5. cxd5 d6 6. e4 g6 7. Nge2 Bg7 8. Ng3
a6 9. a4 O-O 10. Be2 Nbd7 11. O-O Rb8 12. Bg5 Qb6 13. Qd2 Qb4 14. Qc2 b5 15.
Nxb5 Nxe4 16. Nxe4 axb5 17. Bxb5 Nb6 18. Nxd6 Nxd5 19. Nxc8 Rfxc8 20. Rad1 Nb6
21. Be7 Qxb2 22. Qxb2 Bxb2 23. Rb1 Bd4 24. Ba6 Rc6 25. a5 Nd7 26. Rxb8+ Nxb8
27. Bc4 Rc7 28. Bd6 Rb7 29. Re1 Nc6 30. a6 Rb2 31. Bg3 Rb4 32. Bd5 Na7 33. h3
Ra4 34. Bb7 c4 35. Re8+ Kg7 36. Be5+ Bxe5 37. Rxe5 Kf6 38. f4 c3 39. Rc5 Rxf4
40. Rxc3 Ra4 41. Rb3 Ke5 42. Rb6 f5 43. Bf3 Ra2 44. Kf1 Nc8 45. Rb8 Nd6 1/2-1/2

[Event "ECCC 2013"]
[Site "Rhodes"]
[Date "2013.10.23"]
[Round "4"]
[White "Sorin, Baptiste"]
[Black "Gupta, Milon"]
[Result "1-0"]
[WhiteElo "2183"]
[BlackElo "2287"]
[PlyCount "125"]
[EventDate "2013.10.20"]
[EventType "team"]
[EventRounds "7"]
[EventCountry "GRE"]
[WhiteTeam "Sautron"]
[BlackTeam "Schachgesellschaft Solingen"]

1. e4 e5 2. Nf3 Nc6 3. d4 exd4 4. Nxd4 Nf6 5. Nc3 Bb4 6. Nxc6 bxc6 7. Bd3 d5 8.
exd5 cxd5 9. O-O O-O 10. Bg5 c6 11. a3 Bd6 12. Qd2 h6 13. Bf4 Bxf4 14. Qxf4 Be6
15. b4 a5 16. b5 cxb5 17. Nxb5 Qb8 18. Qd4 Bd7 19. Rab1 Re8 20. f3 Qe5 21. Rfe1
Qxd4+ 22. Nxd4 Rxe1+ 23. Rxe1 Rb8 24. Nb3 Kf8 25. Kf2 Rc8 26. Ra1 a4 27. Nd4 g6
28. Ke2 Rb8 29. Kd2 Ke7 30. Kc3 Kd6 31. Re1 Rc8+ 32. Kb4 Rb8+ 33. Nb5+ Kc6 34.
Re7 Rf8 35. g4 Ne8 36. h4 Nd6 37. Nd4+ Kc7 38. Kc5 Ra8 39. Nb5+ Kd8 40. Rxd7+
Kxd7 41. Nxd6 Ke6 42. f4 Rd8 43. f5+ Ke7 44. Nb7 Rb8 45. Na5 Kf6 46. fxg6 fxg6
47. Kxd5 Rb2 48. Nc4 Rb5+ 49. Kc6 Rb1 50. h5 gxh5 51. gxh5 Ke6 52. Kc5 Rh1 53.
Bg6 Rb1 54. Ne3 Kf6 55. Nd5+ Ke5 56. Nc3 Ra1 57. Kb4 Kd4 58. Nb5+ Kd5 59. c4+
Kc6 60. Be4+ Kd7 61. Kxa4 Re1 62. Bg6 Kc6 63. Kb4 1-0

[Event "ECCC 2013"]
[Site "Rhodes"]
[Date "2013.10.23"]
[Round "4"]
[White "Peschel, Andreas"]
[Black "Gallant, Aurelien"]
[Result "1-0"]
[WhiteElo "2106"]
[BlackElo "2124"]
[PlyCount "41"]
[EventDate "2013.10.20"]
[EventType "team"]
[EventRounds "7"]
[EventCountry "GRE"]
[WhiteTeam "Schachgesellschaft Solingen"]
[BlackTeam "Sautron"]

1. d4 d5 2. Nf3 Nf6 3. c4 c6 4. e3 a6 5. Nbd2 e6 6. Bd3 c5 7. O-O Nc6 8. dxc5
Bxc5 9. a3 O-O 10. b4 Ba7 11. Bb2 dxc4 12. Nxc4 b5 13. Nd6 Qe7 14. Rc1 Bd7 15.
Ng5 Bb8 16. Bxf6 Qxd6 17. f4 gxf6 18. Ne4 Qe7 19. Qg4+ Kh8 20. Qh4 f5 21. Nf6
1-0

[Event "ECCC 2013"]
[Site "Rhodes"]
[Date "2013.10.23"]
[Round "4"]
[White "Jeitz, Christian"]
[Black "Arben, Avdiu"]
[Result "1/2-1/2"]
[WhiteElo "2222"]
[BlackElo "1967"]
[PlyCount "80"]
[EventDate "2013.10.20"]
[EventType "team"]
[EventRounds "7"]
[EventCountry "GRE"]
[WhiteTeam "The Smashing Pawns Belvaux"]
[BlackTeam "Istogu Chess Club"]

1. e4 c5 2. Nf3 g6 3. c4 Nc6 4. d4 cxd4 5. Nxd4 Bg7 6. Be3 d6 7. Nc3 Nf6 8. Be2
O-O 9. O-O Bd7 10. Qd2 Rc8 11. f3 a6 12. Nxc6 Rxc6 13. a4 Be6 14. b3 Nd7 15.
Rab1 f5 16. Nd5 Nc5 17. Qc2 Rc8 18. b4 Nd7 19. Qd2 Rf7 20. Rfc1 fxe4 21. fxe4
Ne5 22. c5 Bg4 23. cxd6 exd6 24. Bg5 Qe8 25. Rxc8 Bxc8 26. b5 Ng4 27. Rc1 Bd7
28. Bxg4 Bxg4 29. h3 Bd7 30. Qb4 axb5 31. axb5 h6 32. Be3 Bxb5 33. Nc7 Rxc7 34.
Rxc7 Bc6 35. Bd4 Be5 36. Qc4+ d5 37. exd5 Bxc7 38. d6+ Qf7 39. Qxf7+ Kxf7 40.
dxc7 Bd7 1/2-1/2

[Event "ECCC 2013"]
[Site "Rhodes"]
[Date "2013.10.23"]
[Round "4"]
[White "Sadiku, Bedri"]
[Black "Steil-Antoni, Fiona"]
[Result "1/2-1/2"]
[WhiteElo "2267"]
[BlackElo "2185"]
[PlyCount "148"]
[EventDate "2013.10.20"]
[EventType "team"]
[EventRounds "7"]
[EventCountry "GRE"]
[WhiteTeam "Istogu Chess Club"]
[BlackTeam "The Smashing Pawns Belvaux"]

1. Nf3 d5 2. b3 Nf6 3. Bb2 e6 4. g3 Be7 5. Bg2 O-O 6. O-O c5 7. d4 Nc6 8. Nbd2
b6 9. c4 Bb7 10. dxc5 Bxc5 11. cxd5 Nxd5 12. a3 Be7 13. e4 Nf6 14. b4 Qd3 15.
Re1 Rfd8 16. Bf1 Qd7 17. Qb3 Rac8 18. Rad1 Qc7 19. Rc1 Qb8 20. h3 Nd7 21. Nc4
b5 22. Ncd2 a6 23. Qe3 Nde5 24. Nxe5 Nxe5 25. f4 Rxc1 26. Rxc1 Rxd2 27. Bxe5
Qd8 28. Rc7 Rd7 29. Rxd7 Qxd7 30. Bg2 f6 31. Bd4 Qc6 32. Qc3 Qxc3 33. Bxc3 Kf7
34. Kf2 Bd6 35. Ke3 e5 36. Bf3 g5 37. fxg5 fxg5 38. Bg4 Kf6 39. Kf3 Bf8 40. Bd2
h6 41. Be3 a5 42. bxa5 Bxa3 43. Bd7 Ba6 44. Bc6 Bb4 45. Bb6 Bc3 46. Bd8+ Kg7
47. h4 gxh4 48. gxh4 b4 49. Bd5 h5 50. Bb3 Kf8 51. Bb6 Ke7 52. Bc5+ Kd7 53. Bf7
b3 54. Bxb3 Bxa5 55. Bf7 Be1 56. Bxh5 Bxh4 57. Kg4 Be1 58. Kf5 Bc3 59. Bd1 Bc4
60. Ba4+ Kc7 61. Be7 Bd4 62. Be8 Bd3 63. Bf7 Bc2 64. Bd5 Bd3 65. Ke6 Kb6 66.
Bd8+ Kb5 67. Bc7 Kb4 68. Kf5 Kc3 69. Ba5+ Kc2 70. Bf7 Kd1 71. Bh5+ Kc2 72. Bf3
Kb3 73. Bc7 Kc2 74. Bxe5 Bxe5 1/2-1/2

[Event "ECCC 2013"]
[Site "Rhodes"]
[Date "2013.10.23"]
[Round "4"]
[White "Gengler, Pierre"]
[Black "Idrizaj, Abedin"]
[Result "0-1"]
[WhiteElo "2134"]
[BlackElo "2249"]
[PlyCount "80"]
[EventDate "2013.10.20"]
[EventType "team"]
[EventRounds "7"]
[EventCountry "GRE"]
[WhiteTeam "The Smashing Pawns Belvaux"]
[BlackTeam "Istogu Chess Club"]

1. e4 c5 2. Nf3 d6 3. g3 g6 4. Bg2 Nf6 5. Nc3 Bg7 6. O-O O-O 7. d4 cxd4 8. Nxd4
Bg4 9. Qd3 Bd7 10. h3 Nc6 11. Be3 Ne5 12. Qe2 Rc8 13. Rad1 a6 14. Kh1 Nc4 15.
Bc1 b5 16. a3 Nxa3 17. f4 Nc4 18. g4 b4 19. Nb1 e5 20. fxe5 Nxe5 21. Qxa6 Nfxg4
22. hxg4 Bxg4 23. Kg1 Bxd1 24. Rxd1 Ng4 25. Qe2 Qb6 26. Be3 Nxe3 27. Qxe3 Bxd4
28. Qxd4 Qxd4+ 29. Rxd4 Rxc2 30. Nd2 Rxb2 31. Rxd6 Rc8 32. Kf1 b3 33. Ke1 Ra2
34. e5 Rc1+ 35. Ke2 b2 36. Kf3 b1=Q 37. Nxb1 Rxb1 38. Rd3 Re1 39. Rd8+ Kg7 40.
Re8 Rae2 0-1

[Event "ECCC 2013"]
[Site "Rhodes"]
[Date "2013.10.23"]
[Round "4"]
[White "Noe, Christopher"]
[Black "Sreeves, Clement"]
[Result "1/2-1/2"]
[WhiteElo "2245"]
[BlackElo "2233"]
[PlyCount "82"]
[EventDate "2013.10.20"]
[EventType "team"]
[EventRounds "7"]
[EventCountry "GRE"]
[WhiteTeam "Chess Club Eppingen"]
[BlackTeam "Edinburgh Chess Club"]

1. Nf3 Nf6 2. d4 g6 3. g3 d5 4. Bg2 Bg7 5. O-O O-O 6. c4 c6 7. cxd5 cxd5 8. Nc3
Ne4 9. Be3 Nc6 10. Nxe4 dxe4 11. Ne5 Nxe5 12. dxe5 Qa5 13. Bxe4 Qxe5 14. Qd5
Qxb2 15. Rab1 Qxe2 16. Rfe1 Qa6 17. Bc5 Bf6 18. Bg2 Be6 19. Qxb7 Qxa2 20. Bxe7
Bxe7 21. Ra1 Qd2 22. Qxe7 Rae8 23. Qxa7 Qd7 24. Qxd7 Bxd7 25. h4 Rxe1+ 26. Rxe1
Be6 27. Bf3 Rb8 28. Kg2 Rb4 29. Re5 Kg7 30. Ra5 h6 31. Bd5 Bxd5+ 32. Rxd5 h5
33. Rd6 Ra4 34. Rb6 Rc4 35. Kf3 Ra4 36. Rc6 Rb4 37. Ra6 Rc4 38. Kg2 Rb4 39. Rd6
Ra4 40. Rc6 Rb4 41. Ra6 Rc4 1/2-1/2

[Event "ECCC 2013"]
[Site "Rhodes"]
[Date "2013.10.23"]
[Round "4"]
[White "Macqueen, Calum"]
[Black "Welz, Thomas"]
[Result "1/2-1/2"]
[WhiteElo "2236"]
[BlackElo "2207"]
[PlyCount "127"]
[EventDate "2013.10.20"]
[EventType "team"]
[EventRounds "7"]
[EventCountry "GRE"]
[WhiteTeam "Edinburgh Chess Club"]
[BlackTeam "Chess Club Eppingen"]

1. d4 d5 2. c4 c6 3. Nf3 Nf6 4. Nbd2 Bf5 5. Nh4 Be6 6. Qb3 Qc7 7. cxd5 cxd5 8.
e3 Nc6 9. Bd3 g6 10. O-O Bg7 11. Qa3 O-O 12. b4 Rfc8 13. Nhf3 Bf5 14. Bxf5 gxf5
15. b5 Na5 16. Ne5 e6 17. Bb2 Bf8 18. Qa4 a6 19. bxa6 Rxa6 20. Rfc1 Nc6 21. Qc2
Qd8 22. Nb3 Raa8 23. Nxc6 Rxc6 24. Qd1 Rca6 25. Nc5 Rxa2 26. Rxa2 Rxa2 27. Qb3
Ra7 28. Nxb7 Qb8 29. Nc5 Qxb3 30. Nxb3 Rb7 31. Rc3 Ne4 32. Rd3 Ra7 33. f3 Nd6
34. Bc1 Nc4 35. Bd2 Ra2 36. Be1 Bh6 37. f4 Bf8 38. Kf1 Ba3 39. Nd2 Ra1 40. Nf3
Bb4 41. Ke2 Ra2+ 42. Kf1 Bxe1 43. Nxe1 Nd2+ 44. Kg1 Ne4 45. h3 Ra1 46. Kf1 h5
47. Ke2 Ra2+ 48. Kf1 Ng3+ 49. Kg1 Ra1 50. Kf2 h4 51. Rb3 Ne4+ 52. Ke2 Ra2+ 53.
Kd1 Ra1+ 54. Ke2 Ra2+ 55. Kd1 Kg7 56. Nc2 Ra8 57. Rb6 Kf6 58. Rb7 Nd6 59. Rb6
Nc4 60. Rb3 Ra2 61. Kc1 Ra8 62. Kd1 Rc8 63. Ne1 Ra8 64. Nc2 1/2-1/2

[Event "ECCC 2013"]
[Site "Rhodes"]
[Date "2013.10.23"]
[Round "4"]
[White "Dekan, Hans"]
[Black "Berry, Neil"]
[Result "0-1"]
[WhiteElo "2172"]
[BlackElo "2254"]
[PlyCount "78"]
[EventDate "2013.10.20"]
[EventType "team"]
[EventRounds "7"]
[EventCountry "GRE"]
[WhiteTeam "Chess Club Eppingen"]
[BlackTeam "Edinburgh Chess Club"]

1. e4 e5 2. Nf3 Nc6 3. Bb5 Nf6 4. d4 exd4 5. O-O a6 6. Ba4 Be7 7. Nxd4 Nxd4 8.
e5 Ne6 9. exf6 Bxf6 10. c3 O-O 11. Nd2 d5 12. Bc2 Re8 13. Nf3 Nf8 14. h3 Be6
15. Be3 Qd7 16. Nd4 c5 17. Nxe6 Nxe6 18. Qd3 g6 19. Rad1 d4 20. Bb3 Rad8 21.
Bh6 Qc6 22. Bxe6 Rxe6 23. c4 Rde8 24. Bd2 Qe4 25. Qxe4 Rxe4 26. Rfe1 Rxe1+ 27.
Rxe1 Rxe1+ 28. Bxe1 d3 29. Kf1 Bxb2 30. a4 Kg7 31. f3 Bd4 32. Bh4 Be3 33. Ke1
f5 34. Kd1 Kf7 35. Be1 f4 36. Ba5 Ke6 37. Bc7 Kd7 38. Be5 b6 39. Bc3 Kc6 0-1

[Event "ECCC 2013"]
[Site "Rhodes"]
[Date "2013.10.23"]
[Round "4"]
[White "Sykes, Chris"]
[Black "Gass, Ulrich"]
[Result "1/2-1/2"]
[WhiteElo "1925"]
[BlackElo "2116"]
[PlyCount "59"]
[EventDate "2013.10.20"]
[EventType "team"]
[EventRounds "7"]
[EventCountry "GRE"]
[WhiteTeam "Edinburgh Chess Club"]
[BlackTeam "Chess Club Eppingen"]

1. d4 g6 2. e4 d6 3. Nc3 Nf6 4. f4 Bg7 5. e5 Nfd7 6. Nf3 c5 7. exd6 cxd4 8.
Nxd4 O-O 9. Be3 exd6 10. Qd2 Nc6 11. O-O-O Re8 12. Ndb5 Qa5 13. Bc4 Nb6 14.
Bxb6 axb6 15. Nc7 Bg4 16. Nxe8 Rxe8 17. Rde1 Rc8 18. Qd5 Bxc3 19. Qxf7+ Kh8 20.
bxc3 Qxc3 21. Kb1 Bf5 22. Bb3 Nb4 23. Re8+ Rxe8 24. Qxe8+ Kg7 25. Qe2 Nd3 26.
Qe7+ Kh6 27. Qg5+ Kg7 28. Qe7+ Kh6 29. Qg5+ Kg7 30. Qe7+ 1/2-1/2

[Event "ECCC 2013"]
[Site "Rhodes"]
[Date "2013.10.23"]
[Round "4"]
[White "Mejdini, Murat"]
[Black "Yilmazyerli, Mert"]
[Result "1/2-1/2"]
[WhiteElo "1977"]
[BlackElo "2414"]
[PlyCount "138"]
[EventDate "2013.10.20"]
[EventType "team"]
[EventRounds "7"]
[EventCountry "GRE"]
[WhiteTeam "Klubi Sportiv "]
[BlackTeam "Besiktas JK"]

1. d4 g6 2. Nf3 Bg7 3. e4 d6 4. c3 Nf6 5. Bd3 O-O 6. O-O Nc6 7. Bg5 h6 8. Bh4
e5 9. dxe5 dxe5 10. Qc2 Qe8 11. Nbd2 Nh5 12. Bb5 a6 13. Ba4 Bd7 14. Bg3 Nxg3
15. hxg3 f5 16. exf5 gxf5 17. Rfe1 e4 18. Rad1 Nd4 19. Nxd4 Bxa4 20. b3 Bd7 21.
Nf1 Rd8 22. Ne2 Qe5 23. Ne3 Be6 24. Rxd8 Rxd8 25. Rd1 Rd6 26. Nd4 b5 27. Nxe6
Qxe6 28. Rxd6 cxd6 29. c4 Bd4 30. Nd5 Qe5 31. Qd2 Kh7 32. Kf1 bxc4 33. bxc4 Bc5
34. Qc3 Qxc3 35. Nxc3 Kg6 36. Nd5 Kf7 37. Ke2 a5 38. f4 Bd4 39. a4 Ke6 40. Nc7+
Kd7 41. Nd5 Ke6 42. Nc7+ Kf7 43. Nb5 Bc5 44. Nc3 Kg6 45. g4 fxg4 46. Nxe4 Bb4
47. Nf2 h5 48. g3 Bc5 49. Ne4 Ba3 50. Nc3 Kf5 51. Kf2 Bb4 52. Nd5 Bc5+ 53. Ke2
Bd4 54. Kd3 Bf2 55. Ne3+ Kg6 56. Nf1 h4 57. gxh4 Bxh4 58. Ke4 Bf2 59. Nd2 Kh5
60. Nf1 Kh4 61. Kd5 g3 62. Nxg3 Bxg3 63. Kxd6 Bxf4+ 64. Kd7 Kg5 65. c5 Kf5 66.
c6 Ke4 67. c7 Bxc7 68. Kxc7 Kd5 69. Kb6 Kd6 1/2-1/2

[Event "ECCC 2013"]
[Site "Rhodes"]
[Date "2013.10.23"]
[Round "4"]
[White "Atakisi, Umut"]
[Black "Mihasi, Erald"]
[Result "1-0"]
[WhiteElo "2346"]
[BlackElo "1862"]
[PlyCount "45"]
[EventDate "2013.10.20"]
[EventType "team"]
[EventRounds "7"]
[EventCountry "GRE"]
[WhiteTeam "Besiktas JK"]
[BlackTeam "Klubi Sportiv "]

1. e4 g6 2. d4 Bg7 3. Nf3 Nf6 4. e5 Nd5 5. Bc4 Nb6 6. Bb3 O-O 7. O-O d5 8. exd6
exd6 9. Bg5 Bf6 10. Qd2 Bg4 11. Qf4 Bxg5 12. Nxg5 Qd7 13. Ne4 Kg7 14. Qf6+ Kg8
15. Qh4 Kg7 16. Qf6+ Kg8 17. Nbc3 Be6 18. d5 Bf5 19. Qd4 f6 20. Nxf6+ Rxf6 21.
Qxf6 a5 22. Rae1 Qf7 23. Qd8+ 1-0

[Event "ECCC 2013"]
[Site "Rhodes"]
[Date "2013.10.23"]
[Round "4"]
[White "Van Kemenade, Rudy"]
[Black "Mavreas, Dimitrios"]
[Result "0-1"]
[WhiteElo "2031"]
[BlackElo "1996"]
[PlyCount "106"]
[EventDate "2013.10.20"]
[EventType "team"]
[EventRounds "7"]
[EventCountry "GRE"]
[WhiteTeam "Cardigan"]
[BlackTeam "Ippotis Rodou"]

1. e4 c5 2. Nf3 g6 3. d4 cxd4 4. Qxd4 Nf6 5. Bb5 Nc6 6. Bxc6 dxc6 7. Qxd8+ Kxd8
8. Nc3 Bg7 9. Bf4 Nd7 10. O-O-O Ke8 11. h3 e5 12. Be3 f6 13. Rd3 Bf8 14. Rhd1
Be7 15. a4 Kd8 16. Nd2 Kc7 17. Na2 Nc5 18. Bxc5 Bxc5 19. b4 Be7 20. c4 Be6 21.
Kc2 a5 22. b5 cxb5 23. axb5 Rhd8 24. Rxd8 Rxd8 25. Nc3 Rd4 26. Nd5+ Bxd5 27.
cxd5 Bb4 28. f3 Kb6 29. Nf1 Rxd1 30. Kxd1 Kxb5 31. Ne3 Bc5 32. Ng4 Be7 33. Kc2
h5 34. Nh6 Kc5 35. Kc3 b5 36. h4 a4 37. g4 b4+ 38. Kb2 Bf8 39. Nf7 Be7 40. Nh8
g5 41. Ng6 Bd6 42. gxh5 Kc4 43. h6 a3+ 44. Kc2 b3+ 45. Kd2 Bb4+ 46. Ke2 a2 47.
h7 a1=Q 48. Kf2 Qe1+ 49. Kg2 Qe2+ 50. Kg3 gxh4+ 51. Nxh4 Qe1+ 52. Kg4 Qg1+ 53.
Kf5 Qg7 0-1

[Event "ECCC 2013"]
[Site "Rhodes"]
[Date "2013.10.23"]
[Round "4"]
[White "Rousos, Stamatios"]
[Black "Haigh, Tony"]
[Result "1-0"]
[WhiteElo "1369"]
[BlackElo "1776"]
[PlyCount "71"]
[EventDate "2013.10.20"]
[EventType "team"]
[EventRounds "7"]
[EventCountry "GRE"]
[WhiteTeam "Ippotis Rodou"]
[BlackTeam "Cardigan"]

1. e4 e6 2. d4 d5 3. Nc3 Nf6 4. Bg5 Bb4 5. e5 h6 6. Bd2 Bxc3 7. Bxc3 Ne4 8. Bd2
Nxd2 9. Qxd2 c5 10. Nf3 cxd4 11. Nxd4 O-O 12. O-O-O Nc6 13. Nf3 Qc7 14. Re1 a5
15. g4 Bd7 16. g5 h5 17. g6 fxg6 18. Nh4 Nxe5 19. f4 Rxf4 20. Rxe5 Rxh4 21. Qe1
Rf8 22. Bd3 Rf6 23. Kb1 Rhf4 24. Rg5 Be8 25. Rhg1 Bf7 26. a3 Rg4 27. R5xg4 hxg4
28. Rxg4 e5 29. Qg3 Qd6 30. Rh4 Qe6 31. Be2 d4 32. b3 Qf5 33. Bd3 Qf2 34. Qh3
Be6 35. Bc4 Bxc4 36. Rh8+ 1-0

[Event "ECCC 2013"]
[Site "Rhodes"]
[Date "2013.10.23"]
[Round "4"]
[White "Nachbar, Benjamin"]
[Black "Driessens, Patrick"]
[Result "0-1"]
[WhiteElo "2188"]
[BlackElo "2311"]
[PlyCount "80"]
[EventDate "2013.10.20"]
[EventType "team"]
[EventRounds "7"]
[EventCountry "GRE"]
[WhiteTeam "SV Muelheim Nord 1931"]
[BlackTeam "SV Voerendaal / KNSB"]

1. c4 Nf6 2. Nc3 e5 3. g3 Bb4 4. Bg2 O-O 5. d3 c6 6. Bd2 Re8 7. Nf3 d5 8. O-O
h6 9. a3 Bf8 10. cxd5 cxd5 11. d4 e4 12. Ne5 Nc6 13. Nxc6 bxc6 14. Na4 Ng4 15.
Bb4 Bxb4 16. axb4 Ba6 17. Nc5 Bb5 18. Qc2 Qg5 19. Rfe1 h5 20. h3 Nh6 21. h4 Qf6
22. e3 Ng4 23. Bh3 Qf5 24. Bxg4 Qxg4 25. Qd1 Qf5 26. Kg2 Re7 27. Rh1 g6 28. Rh3
Kg7 29. g4 Qxg4+ 30. Qxg4 hxg4 31. Rh2 f5 32. h5 g5 33. h6+ Kh7 34. Rh5 Rg8 35.
Kg3 Rg6 36. Rah1 Rf7 37. R1h2 f4+ 38. exf4 gxf4+ 39. Kg2 e3 40. Re5 exf2 0-1

[Event "ECCC 2013"]
[Site "Rhodes"]
[Date "2013.10.23"]
[Round "4"]
[White "Ciornei, Dragos"]
[Black "Voss, Gunther"]
[Result "0-1"]
[WhiteElo "2167"]
[BlackElo "2154"]
[PlyCount "92"]
[EventDate "2013.10.20"]
[EventType "team"]
[EventRounds "7"]
[EventCountry "GRE"]
[WhiteTeam "SV Voerendaal / KNSB"]
[BlackTeam "SV Muelheim Nord 1931"]

1. e4 c5 2. Nf3 d6 3. d4 cxd4 4. Nxd4 Nf6 5. Nc3 a6 6. Bc4 e6 7. Bb3 Nbd7 8.
Bg5 Nc5 9. Qe2 Be7 10. f4 h6 11. Bxf6 Bxf6 12. O-O-O Qc7 13. Rhf1 Bd7 14. f5
O-O 15. Kb1 b5 16. fxe6 fxe6 17. Nd5 exd5 18. Bxd5+ Kh8 19. Rxf6 gxf6 20. Qh5
Kg7 21. Bxa8 Rxa8 22. Nf5+ Bxf5 23. exf5 Qf7 24. Qg4+ Kh7 25. Rxd6 Re8 26. b3
Re4 27. Qf3 b4 28. g4 Re1+ 29. Rd1 Ne4 30. Kb2 Qa7 31. Qd3 Rxd1 32. Qxd1 Qc7
33. Qd4 Qc3+ 34. Qxc3 Nxc3 35. a3 a5 36. axb4 axb4 37. Kc1 h5 38. gxh5 Kh6 39.
Kd2 Kxh5 40. Kd3 Kg4 41. Kc4 Na2 42. c3 bxc3 43. Kd3 Kxf5 44. b4 Nxb4+ 45. Kxc3
Nc6 46. Kd3 Ke5 0-1

[Event "ECCC 2013"]
[Site "Rhodes"]
[Date "2013.10.23"]
[Round "4"]
[White "Grant, Jonathan I M"]
[Black "Murray, David"]
[Result "1-0"]
[WhiteElo "2236"]
[BlackElo "2162"]
[PlyCount "67"]
[EventDate "2013.10.20"]
[EventType "team"]
[EventRounds "7"]
[EventCountry "GRE"]
[WhiteTeam "Edinburgh West Chess Club"]
[BlackTeam "Gonzaga"]

1. c4 e5 2. g3 Nc6 3. Nc3 f5 4. Nf3 Nf6 5. d4 e4 6. Nh4 d6 7. Bh3 g6 8. Bg5 Be7
9. O-O O-O 10. f3 exf3 11. exf3 d5 12. Re1 Re8 13. Rxe7 Qxe7 14. Nxd5 Nxd5 15.
Bxe7 Ne3 16. Qd3 Rxe7 17. Re1 Nb4 18. Qd2 Nbc2 19. Rc1 Bd7 20. f4 c5 21. Nf3
cxd4 22. Ne5 Bc6 23. Nxc6 bxc6 24. Rxc2 Nxc2 25. Qxc2 c5 26. Bg2 Rae8 27. Kf2
Kg7 28. b4 cxb4 29. Qd2 a5 30. Qxd4+ Kh6 31. Bf3 Rc7 32. h3 Rec8 33. g4 fxg4
34. hxg4 1-0

[Event "ECCC 2013"]
[Site "Rhodes"]
[Date "2013.10.23"]
[Round "4"]
[White "Freeman, Gordon"]
[Black "Farrell, Neil"]
[Result "1-0"]
[WhiteElo "2056"]
[BlackElo "2147"]
[PlyCount "61"]
[EventDate "2013.10.20"]
[EventType "team"]
[EventRounds "7"]
[EventCountry "GRE"]
[WhiteTeam "Gonzaga"]
[BlackTeam "Edinburgh West Chess Club"]

1. d4 e6 2. Nf3 Nf6 3. Bg5 c5 4. c3 Qb6 5. Qb3 d5 6. e3 Nc6 7. Nbd2 Bd6 8. Be2
cxd4 9. exd4 Qc7 10. O-O Ne4 11. Be3 Bd7 12. h3 f5 13. Nxe4 fxe4 14. Nd2 O-O
15. c4 Na5 16. Qd1 Bh2+ 17. Kh1 Bf4 18. Rc1 Bxe3 19. cxd5 Qf4 20. fxe3 Qxe3 21.
Rc7 Rfd8 22. Bg4 h5 23. Bxh5 exd5 24. Rf7 Qxd4 25. Rfxd7 Rxd7 26. Rxd7 Rf8 27.
Qg4 Qxb2 28. Bg6 Qa1+ 29. Kh2 Qe5+ 30. Qg3 Qe6 31. Bh7+ 1-0

[Event "ECCC 2013"]
[Site "Rhodes"]
[Date "2013.10.23"]
[Round "4"]
[White "Delaney, Killian"]
[Black "Buchanan, Walter F"]
[Result "0-1"]
[WhiteElo "2129"]
[BlackElo "2122"]
[PlyCount "52"]
[EventDate "2013.10.20"]
[EventType "team"]
[EventRounds "7"]
[EventCountry "GRE"]
[WhiteTeam "Gonzaga"]
[BlackTeam "Edinburgh West Chess Club"]

1. e4 e6 2. d4 d5 3. e5 c5 4. c3 Qb6 5. Nf3 Bd7 6. Bd3 cxd4 7. Nxd4 Nc6 8. Nxc6
bxc6 9. Nd2 Ne7 10. O-O c5 11. c4 Nc6 12. Re1 Be7 13. Qg4 g6 14. a3 Nd4 15. b4
cxb4 16. Bb2 Nf5 17. cxd5 bxa3 18. Nc4 Qb3 19. Qf3 axb2 20. dxe6 O-O 21. exf7+
Kg7 22. Rab1 Be6 23. Rxb2 Qc3 24. Rd1 Bxc4 25. Rc2 Nd4 26. Qf6+ Bxf6 0-1

[Event "ECCC 2013"]
[Site "Rhodes"]
[Date "2013.10.24"]
[Round "5"]
[White "Khismatullin, Denis"]
[Black "Giri, Anish"]
[Result "1/2-1/2"]
[WhiteElo "2656"]
[BlackElo "2749"]
[PlyCount "173"]
[EventDate "2013.10.20"]
[EventType "team"]
[EventRounds "7"]
[EventCountry "GRE"]
[WhiteTeam "Ugra"]
[BlackTeam "SOCAR"]

1. d4 Nf6 2. c4 g6 3. g3 Bg7 4. Bg2 c5 5. Nf3 cxd4 6. Nxd4 O-O 7. Nc3 Qc7 8. b3
d5 9. Ndb5 Qa5 10. Bd2 dxc4 11. bxc4 Qd8 12. O-O a6 13. Na3 Nc6 14. Nc2 Be6 15.
Ne3 Na5 16. Rc1 Rc8 17. Ncd5 Nxc4 18. Nxf6+ Bxf6 19. Nxc4 Rxc4 20. Bh6 Qxd1 21.
Rfxd1 Bg7 22. Bxg7 Kxg7 23. Bxb7 a5 24. Rxc4 Bxc4 25. Rd2 Rb8 26. Bc6 Rb6 27.
Bd7 Rb1+ 28. Kg2 Ra1 29. a4 Bb3 30. Rd3 Bxa4 31. Bxa4 Rxa4 32. Rd7 Kf6 33. Ra7
g5 34. Kf3 h5 35. h3 Ra1 36. Ke4 Ra2 37. Ke3 Ra3+ 38. Ke4 Ra4+ 39. Ke3 Ra3+ 40.
Ke4 Ra2 41. Ke3 a4 42. Ra5 Kg6 43. Kf3 a3 44. h4 g4+ 45. Ke3 Ra1 46. f3 a2 47.
fxg4 hxg4 48. Ra6+ Kg7 49. Kf2 e6 50. Ra7 Kg6 51. Ra6 Kh7 52. Ra7 Kh6 53. Ra6
Kg6 54. Kg2 f6 55. Ra4 Kh5 56. Ra5+ Kh6 57. Ra6 Kh5 58. e4 Kg6 59. Ra5 e5 60.
Ra7 Kh6 61. Ra6 Kg6 62. Ra7 Re1 63. Rxa2 Rxe4 64. Ra8 Rb4 65. Ra2 Rb6 66. Ra5
Rb2+ 67. Kf1 Rb3 68. Kg2 Rb2+ 69. Kf1 Rb6 70. Kf2 Kf5 71. Ra4 Rb2+ 72. Kf1 Rd2
73. Rb4 Rd3 74. Kf2 Rd2+ 75. Kf1 Rd4 76. Rxd4 exd4 77. Ke2 Ke4 78. Kd2 f5 79.
h5 f4 80. h6 fxg3 81. h7 g2 82. h8=Q g1=Q 83. Qe8+ Kf3 84. Qc6+ Kg3 85. Qd6+
Kg2 86. Qd5+ Kf1 87. Qb5+ 1/2-1/2